| 000 | 00375nam a22001217a 4500 | ||
|---|---|---|---|
| 020 | _aNA | ||
| 082 |
_222 _a920.008 |
||
| 100 | _aThaye Je Yonten and Jamtsho Je Kunga. | ||
| 245 | _aThe Necklace of pearls Biography of the 13th Druk Desi sherab Wangchuk (1697-1765 / ) | ||
| 260 |
_aCBS, Thimphu, _bCBS, Thimphu, _c920.008 |
||
| 300 |
_a253 p, ; _bNA _c24cm |
||
| 942 |
_2ddc _cCIVIL |
||
| 999 |
_c1559 _d1559 |
||